000 01895cam a2200169 4500500
005 20260329010324.0
041 _afre
042 _adc
100 1 0 _aMartinez, Jean-Claude
_eauthor
245 0 0 _aL’impôt sur les sociétés et les droits de douane face aux défis de l’économie
260 _c2025.
500 _a67
520 _aEn dépit des progrès accomplis depuis vingt ans, notamment sous l’égide du G20, de l’OCDE et des Nations Unies, la remise en ordre du système fiscal international n’a toujours pas trouvé de solution efficace autre que des ajustements d’ordre technique. Une alternative existe pourtant. En matière d’impôt sur les sociétés, l’institution d’un impôt « à deux étages » pourrait mettre un terme au désordre dû en grande partie à des États jouant la carte du moins-disant fiscal. S’agissant des droits de douane, une nouvelle technologie est également envisageable : des droits de douane déductibles pourraient contribuer à rétablir la sérénité dans les relations commerciales internationales.
520 _aOver the past twenty years, under the auspices of the G20, the OECD and the United Nations, progress has been made on reforming the international tax system. Beyond technical adjustments, however, no effective solution has been found. Yet an alternative does exist. In terms of corporation tax, the introduction of a two-tier system could put an end to the disorder that is caused mainly by countries competing to offer the lowest tax rates. And with regard to customs duties, new technology is also a possibility. Deductible customs duties could help restore calm to international trade relations.
786 0 _nQuestions internationales | 134 | 6 | 2025-12-08 | p. 87-95 | 1761-7146
856 4 1 _uhttps://shs.cairn.info/magazine-questions-internationales-2025-7-page-87?lang=fr&redirect-ssocas=7080
999 _c1851605
_d1851605